Statistics for NBA Player to country

Click here to take the quiz!

General Stats

  • This quiz has been taken 19 times
  • The average score is 13 of 20

Answer Stats

Player Country % Correct
Nicolas BatumFrance
83%
Ricky RubioSpain
83%
Danilo GallinariItaly
83%
Andrew WigginsCanada
75%
Luis ScolaArgentina
75%
Detlef SchrempfGermany
75%
Patty MillsAustralia
75%
Dario SaricCroatia
67%
Goran DragicSlovenia
67%
Joel EmbiidCameroon
67%
Al-Farouq AminuNigeria
58%
Buddy HieldBahamas
58%
Clint CapelaSwitzerland
58%
Jonas JerebkoSweden
58%
Jusuf NurkicBosnia and Herzegovina
50%
Rolando BlackmanPanama
50%
Nikola VucevicMontenegro
50%
Luol DengUnited Kingdom
42%
Andray BlatchePhilippines
42%
Rony SeikalyLebanon
33%

Score Distribution

Percentile by Number Answered

Percent of People with Each Score

Your Score History

You have not taken this quiz